[Event "ChT Corsica 2007"]
[Site "Porticcio"]
[Date "2007.03.18"]
[Round "2.1"]
[White "Leibenguth, Jean"]
[Black "Rataud, Didier"]
[Result "0-1"]
[WhiteElo "1650"]
[BlackElo "1970"]
[PlyCount "90"]
[EventDate "18.03.07"]
[WhiteTeam "Balagna Chess Club 2"]
[BlackTeam "Tour du Nebbiu"]

1. e4 e5 2. Nf3 Nf6 3. Nc3 Nc6 4. Bc4 Be7 5. d3 O-O 6. Bg5 h6 7. Be3 d6 8. a3
Be6 9. Nd5 Na5 10. Nxf6+ Bxf6 11. Bxe6 fxe6 12. Qd2 Nc6 13. d4 d5 14. dxe5 Nxe5
15. Nxe5 Bxe5 16. Bd4 Qf6 17. c3 dxe4 18. Bxe5 Qxe5 19. O-O Rad8 20. Qe3 Rd3
21. Qxa7 b6 22. Qa4 e3 23. fxe3 Qxe3+ 24. Kh1 Rxf1+ 25. Rxf1 Qe2 26. Qf4 Rd2
27. Qf7+ Kh7 28. Rg1 Rd1 29. h3 Rxg1+ 30. Kxg1 Qc4 31. Qe7 b5 32. Qb4 Qd5 33.
Qd4 c5 34. Qxd5 exd5 35. Kf2 Kg6 36. Ke3 Kf5 37. b3 Ke5 38. a4 c4 39. axb5 cxb3
40. Kd3 Kd6 41. b6 Kc6 42. b7 Kxb7 43. Kd2 Kc6 44. Kc1 Kb5 45. Kb2 Kc4 0-1

[Event "ChT Corsica 2007"]
[Site "Porticcio"]
[Date "2007.03.18"]
[Round "2.2"]
[White "Sauvonnet, Valery"]
[Black "Leveque, Christophe"]
[Result "1-0"]
[WhiteElo "1850"]
[BlackElo "1640"]
[PlyCount "31"]
[EventDate "18.03.07"]
[WhiteTeam "Tour du Nebbiu"]

1. e4 e6 2. d4 d5 3. Nc3 Bb4 4. Nge2 dxe4 5. a3 Bxc3+ 6. Nxc3 Nf6 7. Bg5 Nbd7
8. Nxe4 b6 9. Bd3 Bb7 10. Qe2 O-O 11. O-O-O Rc8 12. h4 Qe7 13. h5 c5 14. dxc5
bxc5 15. h6 g6 16. Nxf6+ 1-0

[Event "ChT Corsica 2007"]
[Site "Porticcio"]
[Date "2007.03.18"]
[Round "2.5"]
[White "Amy, Francois"]
[Black "Clementi, Charles"]
[Result "1-0"]
[WhiteElo "1499"]
[BlackElo "1390"]
[PlyCount "43"]
[EventDate "18.03.07"]
[WhiteTeam "Balagna Chess Club 2"]
[BlackTeam "Tour du Nebbiu"]

1. e4 Nf6 2. Nc3 d5 3. e5 Ne4 4. d4 Nxc3 5. bxc3 e6 6. Nf3 Be7 7. c4 O-O 8. Bd3
c5 9. c3 Nc6 10. O-O b6 11. Qc2 g6 12. Bh6 Re8 13. Qd2 Bf8 14. Bxf8 Rxf8 15.
Qh6 Ba6 16. Ng5 Qxg5 17. Qxg5 Rad8 18. h4 Kg7 19. Qf6+ Kh6 20. g4 Rg8 21. Be2
Bxc4 22. g5# 1-0

[Event "ChT Corsica 2007"]
[Site "Porticcio"]
[Date "2007.03.18"]
[Round "2.1"]
[White "Rossi-Agnus, Pascale"]
[Black "Szymanski, Piotr"]
[Result "0-1"]
[WhiteElo "1340"]
[BlackElo "1899"]
[PlyCount "40"]
[EventDate "18.03.07"]
[WhiteTeam "Echecs Club du Fium'Orbu 2"]
[BlackTeam "Vallée du Golo 1"]

1. d4 e5 2. e4 exd4 3. Qxd4 Nc6 4. Qd1 Nf6 5. Nc3 Bb4 6. a3 Bxc3+ 7. bxc3 Nxe4
8. Bd3 Nxc3 9. Qd2 Qe7+ 10. Ne2 Nxe2 11. Bxe2 O-O 12. O-O Re8 13. Re1 Qf6 14.
c3 d6 15. Bb2 Be6 16. c4 Qg6 17. Bd3 Bf5 18. Re3 Rxe3 19. Qxe3 Bxd3 20. Re1 h6
0-1

[Event "ChT Corsica 2007"]
[Site "Porticcio"]
[Date "2007.03.18"]
[Round "2.3"]
[White "Gregory, Jacques"]
[Black "Susini, Lisa"]
[Result "0-1"]
[WhiteElo "1310"]
[BlackElo "1400"]
[PlyCount "52"]
[EventDate "18.03.07"]
[WhiteTeam "Echecs Club du Fium'Orbu 2"]
[BlackTeam "Vallée du Golo 1"]

1. c4 e5 2. Nc3 Nf6 3. Nf3 Nc6 4. e3 d5 5. d4 e4 6. Ne5 Bb4 7. Bd2 O-O 8. Be2
Re8 9. Nxc6 bxc6 10. c5 h6 11. a3 Bxc3 12. Bxc3 Bf5 13. Qa4 Qd7 14. b4 Reb8 15.
Rb1 Bg4 16. Qc2 a5 17. O-O axb4 18. axb4 Bxe2 19. Qxe2 Qg4 20. f3 exf3 21. Rxf3
Ne4 22. Qf1 f6 23. Be1 Ra2 24. g3 Ng5 25. Rf4 Qh3 26. Bc3 Qxh2# 0-1

[Event "ChT Corsica 2007"]
[Site "Porticcio"]
[Date "2007.03.18"]
[Round "2.1"]
[White "Have, Didier"]
[Black "Bicchierai, Gregory"]
[Result "1-0"]
[WhiteElo "1932"]
[BlackElo "2065"]
[PlyCount "55"]
[EventDate "18.03.07"]
[WhiteTeam "Echecs Club Ajaccien 2"]
[BlackTeam "Echecs Club Ajaccien 1"]

1. e4 e5 2. Nc3 Nf6 3. Bc4 Bc5 4. d3 d6 5. f4 Nc6 6. Nf3 Bg4 7. Na4 Nh5 8. Nxc5
dxc5 9. O-O exf4 10. h3 Be6 11. Bb5 O-O 12. Bxc6 bxc6 13. Bd2 g5 14. Bc3 Ng3
15. Re1 f6 16. Nh2 Qe8 17. Ng4 Qg6 18. e5 f5 19. Nf6+ Kh8 20. Qf3 g4 21. hxg4
Qh6 22. Qxc6 Qh1+ 23. Kf2 Qh4 24. Qxe6 Ne4+ 25. Ke2 Rxf6 26. exf6 Qxg4+ 27. Kf1
h5 28. dxe4 1-0

[Event "ChT Corsica 2007"]
[Site "Porticcio"]
[Date "2007.03.18"]
[Round "2.3"]
[White "Ruffin, Franck"]
[Black "Bellicou, Dominique"]
[Result "1/2-1/2"]
[WhiteElo "1740"]
[BlackElo "2080"]
[PlyCount "59"]
[EventDate "18.03.07"]
[WhiteTeam "Echecs Club Ajaccien 2"]
[BlackTeam "Echecs Club Ajaccien 1"]

1. e4 c5 2. Nc3 Nc6 3. Nf3 d6 4. d4 cxd4 5. Nxd4 e5 6. Nb3 Be6 7. Nd5 Nge7 8.
Be3 f5 9. Bc4 Bf7 10. f4 Rc8 11. c3 exf4 12. Bxf4 Ng6 13. O-O Be7 14. exf5 Nxf4
15. Rxf4 O-O 16. f6 Bxf6 17. Nxf6+ gxf6 18. Bxf7+ Rxf7 19. Qg4+ Kh8 20. Raf1
Rcc7 21. Nd4 Nxd4 22. Rxd4 Rce7 23. Rfd1 Rg7 24. Qf5 Re2 25. g3 Qb6 26. Qxf6
Qxb2 27. Qf8+ Rg8 28. Qf6+ Rg7 29. Qf8+ Rg8 30. Qf6+ 1/2-1/2

[Event "ChT Corsica 2007"]
[Site "Porticcio"]
[Date "2007.03.18"]
[Round "2.4"]
[White "Grimaldi, Antoine"]
[Black "Gerandi, Guillaume"]
[Result "1-0"]
[WhiteElo "2050"]
[BlackElo "1530"]
[PlyCount "73"]
[EventDate "18.03.07"]
[WhiteTeam "Echecs Club Ajaccien 1"]
[BlackTeam "Echecs Club Ajaccien 2"]

1. e4 e5 2. Nf3 Nc6 3. Bc4 Bc5 4. b4 Bb6 5. a4 a6 6. c3 Qe7 7. O-O Nf6 8. d4
O-O 9. Re1 d6 10. Ba3 Bg4 11. d5 Nb8 12. Nbd2 c6 13. Qb3 cxd5 14. Bxd5 Nc6 15.
h3 Bh5 16. Nh4 Bg6 17. Nxg6 hxg6 18. Nf3 Rac8 19. Rad1 Rfd8 20. Bc1 Rc7 21. Bg5
Rdc8 22. Rd3 Qe8 23. Red1 Rd8 24. b5 Na5 25. Qb4 axb5 26. axb5 Qe7 27. c4 Rc5
28. Ra3 Ra8 29. Rda1 Qc7 30. Be3 Nxd5 31. cxd5 Rc4 32. Bxb6 Qxb6 33. Qxc4 Nxc4
34. Rxa8+ Kh7 35. Ng5+ Kh6 36. Nxf7+ Kh5 37. Rh8# 1-0

[Event "ChT Corsica 2007"]
[Site "Porticcio"]
[Date "2007.03.18"]
[Round "2.5"]
[White "Franceschi, Denis"]
[Black "Migheli, Gabriel"]
[Result "1-0"]
[WhiteElo "1630"]
[BlackElo "1740"]
[PlyCount "105"]
[EventDate "18.03.07"]
[WhiteTeam "Echecs Club Ajaccien 2"]
[BlackTeam "Echecs Club Ajaccien 1"]

1. e4 e5 2. d4 exd4 3. c3 d5 4. cxd4 dxe4 5. Nc3 Nf6 6. Bg5 Bb4 7. a3 Bxc3+ 8.
bxc3 O-O 9. Bc4 Qd6 10. Bxf6 Qxf6 11. Ne2 e3 12. O-O Qg5 13. f4 Qe7 14. Qb3 Nc6
15. Rae1 Na5 16. Qb5 Nxc4 17. Qxc4 Rd8 18. Ng3 Be6 19. Qb4 Qxb4 20. axb4 Bc4
21. Rf3 e2 22. Re3 Re8 23. Rxe8+ Rxe8 24. Kf2 Kf8 25. Nxe2 Re6 26. Ng3 Rxe1 27.
Kxe1 Ke7 28. Nf5+ Kf6 29. g4 h5 30. h3 hxg4 31. hxg4 g6 32. Ne3 Bb3 33. c4 c6
34. Kd2 g5 35. f5 b6 36. Kc3 Ba4 37. b5 cxb5 38. Kb4 a6 39. Nd5+ Kg7 40. Nxb6
Bd1 41. f6+ Kxf6 42. Nd5+ Ke6 43. Ne3 Be2 44. c5 Kd7 45. d5 Bf3 46. c6+ Kd6 47.
Nf5+ Kc7 48. Kc5 Bxd5 49. Kxd5 b4 50. Nd4 a5 51. Kc5 b3 52. Nxb3 a4 53. Na1 1-0

[Event "ChT Corsica 2007"]
[Site "Porticcio"]
[Date "2007.03.18"]
[Round "2.2"]
[White "Battesti, Saveriu"]
[Black "Pieri, Pierre-Louis"]
[Result "1-0"]
[WhiteElo "1913"]
[BlackElo "1640"]
[PlyCount "41"]
[EventDate "18.03.07"]
[WhiteTeam "Corsica Chess Club 1"]

1. e4 c5 2. Nf3 Nc6 3. d4 cxd4 4. Nxd4 d6 5. Nc3 e5 6. Nf3 Nf6 7. Bg5 Be7 8.
Bc4 a6 9. Bxf6 Bxf6 10. Nd5 Bg4 11. c3 O-O 12. Qd3 b5 13. Bb3 Na5 14. Bc2 Be7
15. Rd1 Nc4 16. b3 Nb2 17. Nxe7+ Qxe7 18. Qxd6 Qb7 19. Rd5 Bxf3 20. gxf3 Rac8
21. Qa3 1-0

[Event "ChT Corsica 2007"]
[Site "Porticcio"]
[Date "2007.03.18"]
[Round "2.4"]
[White "Orsoni, Jean-Philippe"]
[Black "Gossart, Gerard"]
[Result "1-0"]
[WhiteElo "1907"]
[BlackElo "1722"]
[PlyCount "67"]
[EventDate "18.03.07"]
[WhiteTeam "Corsica Chess Club 1"]

1. e4 e5 2. Nf3 Nc6 3. d4 exd4 4. Bc4 Nf6 5. O-O Nxe4 6. Re1 d5 7. Bxd5 Qxd5 8.
Nc3 Qa5 9. Nxe4 Be6 10. Bg5 h6 11. Bh4 g5 12. Nf6+ Ke7 13. b4 Qf5 14. b5 Qxf6
15. bxc6 gxh4 16. cxb7 Rb8 17. Nxd4 Ke8 18. Rb1 Bc5 19. Rxe6+ fxe6 20. Qh5+ Kf8
21. Qxc5+ Qe7 22. Nxe6+ Kf7 23. Qh5+ Kf6 24. Nf4 Qf7 25. Qxh4+ Kg7 26. Qg4+ Kh7
27. h4 Rhg8 28. Qf3 Qf5 29. Qd3 Qxd3 30. Nxd3 Kg6 31. Ne5+ Kf5 32. Nc6 Kg4 33.
Rb4+ Kf5 34. Ne7+ 1-0

[Event "ChT Corsica 2007"]
[Site "Porticcio"]
[Date "2007.03.18"]
[Round "2.5"]
[White "Bedini, Noel"]
[Black "Rossi, Pascal"]
[Result "0-1"]
[WhiteElo "1480"]
[BlackElo "1851"]
[PlyCount "114"]
[EventDate "18.03.07"]
[WhiteTeam "Casinca 1"]
[BlackTeam "Corsica Chess Club 1"]

1. e4 c5 2. Nf3 d6 3. c3 Nf6 4. Be2 g6 5. d3 Bg7 6. O-O O-O 7. Nbd2 Nc6 8. d4
cxd4 9. cxd4 Bg4 10. d5 Bxf3 11. Nxf3 Nb8 12. Bd3 Nbd7 13. Re1 Ng4 14. h3 Nge5
15. Rb1 Nxf3+ 16. Qxf3 Ne5 17. Qd1 Qa5 18. b4 Qxa2 19. Re2 Qxb1 20. Bxb1 Nc4
21. Ba2 Rfc8 22. Rc2 b5 23. Qe2 Ne5 24. Rxc8+ Rxc8 25. Bb2 Bh6 26. Bxe5 dxe5
27. Qxb5 Bg5 28. g3 Rc1+ 29. Kg2 Rc2 30. Bb3 Rb2 31. Qd3 Rd2 32. Qf3 Rd4 33. d6
e6 34. Bxe6 fxe6 35. d7 Bd8 36. Qc3 Rxd7 37. Qxe5 Kf7 38. Qh8 Bf6 39. Qxh7+ Bg7
40. Qh4 Rb7 41. Qf4+ Ke7 42. e5 Rb5 43. Qd4 Bxe5 44. Qxa7+ Kf6 45. Qa4 Rd5 46.
Qb3 Bd4 47. Qf3+ Rf5 48. Qd1 Rxf2+ 49. Kh1 e5 50. b5 Rb2 51. Qc1 Kf5 52. Qc6
Kg5 53. h4+ Kh6 54. Qe8 Kh5 55. Qe7 Kg4 56. Qg5+ Kh3 57. Qxg6 Rh2# 0-1

[Event "ChT Corsica 2007"]
[Site "Porticcio"]
[Date "2007.03.18"]
[Round "2.2"]
[White "Battesti, Leo"]
[Black "Vilaisarn, Akkhavanh"]
[Result "0-1"]
[WhiteElo "1847"]
[BlackElo "2205"]
[PlyCount "74"]
[EventDate "18.03.07"]
[WhiteTeam "Corsica Chess Club 1"]

1. Nf3 g6 2. g3 Bg7 3. Bg2 Nf6 4. d4 d6 5. O-O O-O 6. c4 Nbd7 7. Nc3 e5 8. e4
exd4 9. Nxd4 Re8 10. h3 a6 11. Be3 Rb8 12. Rb1 c5 13. Nc2 b5 14. Qxd6 b4 15.
Nd5 Nxe4 16. Bxe4 Rxe4 17. Bxc5 Re6 18. Qf4 Be5 19. Qe3 Bd6 20. Bxd6 Rxe3 21.
Ncxe3 Bb7 22. Bxb8 Qxb8 23. Rbd1 Nc5 24. Rd4 Kg7 25. Rfd1 Ne6 26. Rg4 h5 27.
Re4 Ng5 28. Re7 Nxh3+ 29. Kf1 Ng5 30. Nc7 Bc6 31. Rd6 Kf8 32. Rxf7+ Kxf7 33.
Rxc6 Qb7 34. Rc5 Qh1+ 35. Ke2 Qf3+ 36. Kd3 Ne4 37. Rd5 Nxf2+ 0-1

[Event "ChT Corsica 2007"]
[Site "Porticcio"]
[Date "2007.03.18"]
[Round "2.3"]
[White "Campana, Marc-Antoine"]
[Black "Stubbe, Damien"]
[Result "0-1"]
[WhiteElo "1791"]
[BlackElo "1879"]
[PlyCount "72"]
[EventDate "18.03.07"]
[WhiteTeam "Balagna Chess Club 1"]
[BlackTeam "Corsica Chess Club 1"]

1. e4 e6 2. d4 d5 3. Nc3 Bb4 4. e5 c5 5. a3 Ba5 6. b4 cxd4 7. Nb5 Bc7 8. f4 Ne7
9. Nf3 Nbc6 10. Nfxd4 Nxd4 11. Qxd4 Bb6 12. Qd3 Nf5 13. Bb2 O-O 14. Nd4 a5 15.
c3 Bxd4 16. cxd4 Bd7 17. Be2 axb4 18. axb4 Qb6 19. O-O Qxb4 20. Ba3 Qxd4+ 21.
Qxd4 Nxd4 22. Bd3 Rfc8 23. Bb2 Bb5 24. Bxd4 Bxd3 25. Rxa8 Rxa8 26. Ra1 Rc8 27.
Ra2 h6 28. Kf2 b5 29. Ke3 Bc4 30. Rb2 Ra8 31. Kd2 Ra3 32. Kc2 Kh7 33. Bc3 g5
34. fxg5 hxg5 35. g4 Kg6 36. Rb4 Ra8 0-1

[Event "ChT Corsica 2007"]
[Site "Porticcio"]
[Date "2007.03.18"]
[Round "2.4"]
[White "Luciani, Jean-Francois"]
[Black "Wojnowski, Krzysztof"]
[Result "0-1"]
[WhiteElo "1730"]
[BlackElo "1640"]
[PlyCount "30"]
[EventDate "18.03.07"]
[BlackTeam "Balagna Chess Club 1"]

1. e4 e6 2. d4 d5 3. Nc3 Nf6 4. Bg5 Be7 5. e5 Nfd7 6. h4 c5 7. Bxe7 Kxe7 8. Qg4
Kf8 9. Rh3 cxd4 10. Qxd4 Nc6 11. Qf4 Ndxe5 12. Nf3 Qd6 13. O-O-O Nd3+ 14. Bxd3
Qxf4+ 15. Kb1 Ne5 0-1

[Event "ChT Corsica 2007"]
[Site "Porticcio"]
[Date "2007.03.18"]
[Round "2.5"]
[White "Vanschamelhout, Julien"]
[Black "Stubbe, Thierry"]
[Result "1-0"]
[WhiteElo "1730"]
[BlackElo "1499"]
[PlyCount "40"]
[EventDate "18.03.07"]
[WhiteTeam "Balagna Chess Club 1"]
[BlackTeam "Corsica Chess Club 1"]

1. e4 e5 2. Nf3 Nc6 3. d4 d5 4. exd5 Qxd5 5. c4 Qe4+ 6. Be2 exd4 7. O-O Bc5 8.
Re1 Nge7 9. h3 Nb4 10. Bd3 Qxd3 11. Bd2 Nc2 12. Ne5 Qf5 13. g4 Qf6 14. Qxc2 O-O
15. b4 Bd6 16. Qe4 c5 17. bxc5 Bxc5 18. Nd3 Bd6 19. c5 Ng6 20. cxd6 Qxd6 1-0

[Event "ChT Corsica 2007"]
[Site "Travo"]
[Date "2007.04.01"]
[Round "4.5"]
[White "Darriet, Florent"]
[Black "Geronimi, Paul-Antoine"]
[Result "1-0"]
[WhiteElo "1499"]
[BlackElo "1708"]
[PlyCount "21"]
[EventDate "2007.??.??"]
[WhiteTeam "I Scacchi Di U Centru"]
[BlackTeam "Corsica Chess Club 2"]

1. c4 e5 2. Nc3 Nc6 3. g3 Nf6 4. Bg2 Bc5 5. e3 O-O 6. Nge2 d6 7. O-O Be6 8. b3
Re8 9. d4 exd4 10. exd4 Bb6 11. d5 1-0

[Event "ChT Corsica 2007"]
[Site "Travo"]
[Date "2007.04.01"]
[Round "3.1"]
[White "Szymanski, Piotr"]
[Black "Capard, Philippe"]
[Result "0-1"]
[WhiteElo "1899"]
[BlackElo "1844"]
[PlyCount "90"]
[EventDate "2007.??.??"]
[WhiteTeam "Vallée du Golo 1"]
[BlackTeam "Echiquier Grand Sud"]

1. d4 e6 2. Nf3 d5 3. c4 Nf6 4. Bg5 Nbd7 5. Nc3 c6 6. e3 Qa5 7. Nd2 Bb4 8. Qc2
O-O 9. Be2 Re8 10. O-O Qd8 11. Rac1 Be7 12. Rfd1 h6 13. Bf4 Nh7 14. e4 Ndf6 15.
cxd5 exd5 16. e5 Nd7 17. Bh5 Ndf8 18. Qd3 Bg5 19. Bg3 g6 20. Bf3 Bf5 21. Qf1
Ne6 22. Be2 Nxd4 23. f4 Nxe2+ 24. Nxe2 Be7 25. Nd4 Bg4 26. Re1 Qb6 27. N2b3 c5
28. Nc2 d4 29. Qf2 Be6 30. Bh4 Qd8 31. Bxe7 Qxe7 32. h3 Rac8 33. g4 Bd5 34. Kh2
Red8 35. f5 Bxb3 36. axb3 d3 37. f6 Qf8 38. e6 Qd6+ 39. Kh1 fxe6 40. Qh4 Qd5+
41. Kh2 Qg5 42. f7+ Kf8 43. Qg3 d2 44. Qc3 Nf6 45. Re5 Qf4+ 0-1

[Event "ChT Corsica 2007"]
[Site "Travo"]
[Date "2007.04.01"]
[Round "3.1"]
[White "Galli, Jean-Christian"]
[Black "Humeau, Cyril"]
[Result "0-1"]
[WhiteElo "2025"]
[BlackElo "2162"]
[PlyCount "82"]
[EventDate "2007.??.??"]
[WhiteTeam "Corsica Chess Club 1"]
[BlackTeam "Corsica Chess Club Dream Team"]

1. d4 Nf6 2. Nf3 e6 3. g3 d5 4. Bg2 Be7 5. O-O O-O 6. c4 c5 7. Nc3 dxc4 8. e3
Nc6 9. Qe2 cxd4 10. exd4 Nb4 11. Qxc4 Nbd5 12. Ne5 a6 13. Ne4 Bd7 14. Nxf6+
Bxf6 15. Nxd7 Qxd7 16. Rd1 Rfc8 17. Qb3 Rc7 18. Bxd5 Qxd5 19. Qxd5 exd5 20. Be3
Rc2 21. Rab1 Rac8 22. Kf1 R8c4 23. Rd3 Rb4 24. Rb3 Rxb3 25. axb3 Be7 26. Ke1
Kf8 27. Kd1 Rc6 28. Rc1 Ke8 29. Rxc6 bxc6 30. Kc2 Kd7 31. g4 g6 32. Kd3 Bd6 33.
h3 Kc7 34. Bd2 Kb6 35. f4 f5 36. Ke2 Kb5 37. gxf5 gxf5 38. Kf2 c5 39. Ke3 c4
40. bxc4+ Kxc4 41. Bc1 Bb4 0-1

[Event "ChT Corsica 2007"]
[Site "Travo"]
[Date "2007.04.01"]
[Round "3.2"]
[White "Massoni, Michael"]
[Black "Battesti, Saveriu"]
[Result "1-0"]
[WhiteElo "2055"]
[BlackElo "1913"]
[PlyCount "61"]
[EventDate "2007.??.??"]
[WhiteTeam "Corsica Chess Club Dream Team"]

1. e4 c5 2. Nf3 Nc6 3. Bb5 a6 4. Bxc6 bxc6 5. O-O Qc7 6. Re1 e5 7. c3 Nf6 8. d4
cxd4 9. cxd4 d6 10. h3 Be7 11. Bg5 Rb8 12. Qc2 Bd7 13. dxe5 dxe5 14. Nbd2 Bb4
15. Rac1 O-O 16. a3 Bxd2 17. Qxd2 Nh5 18. Be7 f6 19. Bxf8 Kxf8 20. Red1 Ke7 21.
Kh2 Be6 22. Qc3 Nf4 23. Qc5+ Kf7 24. b4 Qc8 25. Qxc6 Qf8 26. Qd6 Qe8 27. Rc7+
Kg8 28. Re7 Qc8 29. Rc1 Qxc1 30. Qxb8+ Bc8 31. Rc7 1-0

[Event "ChT Corsica 2007"]
[Site "Travo"]
[Date "2007.04.01"]
[Round "3.3"]
[White "Autran, Yann"]
[Black "Geronimi, Pierre-Francois"]
[Result "1/2-1/2"]
[WhiteElo "1997"]
[BlackElo "1893"]
[PlyCount "110"]
[EventDate "2007.??.??"]
[WhiteTeam "Corsica Chess Club 1"]
[BlackTeam "Corsica Chess Club Dream Team"]

1. c4 e5 2. Nc3 Nf6 3. d4 exd4 4. Qxd4 Nc6 5. Qd2 Bb4 6. a3 Ne4 7. Qe3 Bxc3+ 8.
bxc3 Qe7 9. g3 Nd6 10. Qxe7+ Kxe7 11. Bg2 Nxc4 12. Nh3 d6 13. Nf4 Be6 14. Rb1
Rab8 15. Nh5 Rhg8 16. Nxg7 Rxg7 17. Bxc6 Na5 18. Bg2 h5 19. h4 Nb3 20. Bf4 f6
21. Bf3 Rh7 22. O-O Bc4 23. Rfe1 Kd7 24. Be4 Re7 25. Bf5+ Kc6 26. Bg6 Rh8 27.
Bc2 Nc5 28. Be3 Rxe3 29. fxe3 Re8 30. Kf2 Ne4+ 31. Bxe4+ Rxe4 32. Red1 Re5 33.
Rd4 Be6 34. e4 Rc5 35. Rd3 f5 36. Rd4 fxe4 37. Rc1 d5 38. Ke3 Ra5 39. a4 Rc5
40. Kd2 Kd6 41. Rb4 b6 42. Rf1 Ke5 43. Rb5 e3+ 44. Kc2 Rc4 45. a5 Bd7 46. Rb4
Bf5+ 47. Kb3 Bg4 48. Re1 Rc5 49. axb6 cxb6 50. Ra4 Rc7 51. Rd4 Rf7 52. Rd3 Ke4
53. Rd4+ Ke5 54. Rd3 Ke4 55. Rd4+ Ke5 1/2-1/2

[Event "ChT Corsica 2007"]
[Site "Travo"]
[Date "2007.04.01"]
[Round "3.4"]
[White "Gil, Ludovic"]
[Black "Orsoni, Jean-Philippe"]
[Result "1-0"]
[WhiteElo "1848"]
[BlackElo "1907"]
[PlyCount "33"]
[EventDate "2007.??.??"]
[WhiteTeam "Corsica Chess Club Dream Team"]

1. Nf3 c5 2. g3 d5 3. Bg2 Nc6 4. d4 cxd4 5. Nxd4 e5 6. Nxc6 bxc6 7. O-O Nf6 8.
c4 Be6 9. Nc3 h6 10. Qa4 Qd7 11. Rd1 Rd8 12. Be3 Be7 13. Bxa7 Ra8 14. cxd5 cxd5
15. Qxd7+ Nxd7 16. Nb5 O-O 17. Bxd5 1-0

[Event "ChT Corsica 2007"]
[Site "Travo"]
[Date "2007.04.01"]
[Round "3.5"]
[White "Rossi, Pascal"]
[Black "Luciani, Thibault"]
[Result "0-1"]
[WhiteElo "1851"]
[BlackElo "1726"]
[PlyCount "72"]
[EventDate "2007.??.??"]
[WhiteTeam "Corsica Chess Club 1"]
[BlackTeam "Corsica Chess Club Dream Team"]

1. d4 Nf6 2. f3 d5 3. e4 dxe4 4. Nc3 exf3 5. Nxf3 Bg4 6. h3 Bxf3 7. Qxf3 c6 8.
Be3 e6 9. Bd3 Nd5 10. O-O Qd7 11. Nxd5 cxd5 12. c4 dxc4 13. Bxc4 Bd6 14. Rac1
O-O 15. Bd3 f6 16. d5 e5 17. Bf5 Qe7 18. Rc4 Na6 19. Rh4 g6 20. Be6+ Kh8 21.
Qg4 f5 22. Qc4 f4 23. Rhxf4 exf4 24. Bd4+ Rf6 25. Kh1 Raf8 26. g4 fxg3 27. Qc3
Kg7 28. Kg2 Nc5 29. Re1 Kh6 30. Be3+ g5 31. h4 Nxe6 32. dxe6 Rf2+ 33. Kg1 Bf4
34. Bc5 Qf6 35. Qb4 Rf1+ 36. Rxf1 Be3+ 0-1

[Event "ChT Corsica 2007"]
[Site "Travo"]
[Date "2007.04.01"]
[Round "3.1"]
[White "Grimaldi, Antoine"]
[Black "Battesti, Marc-Andria"]
[Result "1-0"]
[WhiteElo "2050"]
[BlackElo "1963"]
[PlyCount "94"]
[EventDate "2007.??.??"]
[WhiteTeam "Echecs Club Ajaccien 1"]
[BlackTeam "I Scacchi Di U Centru"]

1. e4 e6 2. d3 c5 3. Nf3 Nc6 4. g3 d5 5. Nbd2 Nf6 6. Bg2 Bd6 7. O-O O-O 8. c3
Qc7 9. Qe2 b6 10. Re1 dxe4 11. dxe4 Be7 12. Nc4 Ba6 13. Bf4 Bxc4 14. Qxc4 e5
15. Bd2 Rad8 16. Rad1 Rd7 17. Bc1 Rfd8 18. Rxd7 Qxd7 19. Ng5 Bf8 20. Bh3 Na5
21. Qe2 Qd3 22. Qxd3 Rxd3 23. Bf1 Rd8 24. f4 exf4 25. gxf4 c4 26. e5 Bc5+ 27.
Kg2 Nd5 28. f5 h6 29. Ne4 Bf8 30. Kf3 b5 31. Rd1 Nc6 32. e6 fxe6 33. fxe6 Be7
34. Ng3 Rf8+ 35. Kg2 Nb6 36. Be2 Bc5 37. Ne4 Be7 38. Be3 Rd8 39. Rxd8+ Bxd8 40.
Nd6 Nd5 41. Bd2 a6 42. a4 b4 43. Bxc4 bxc3 44. Bxc3 Nde7 45. Bxa6 Bc7 46. Nc8
Kf8 47. Bd3 Ke8 1-0

[Event "ChT Corsica 2007"]
[Site "Travo"]
[Date "2007.04.01"]
[Round "3.2"]
[White "Battesti, Leo"]
[Black "Bicchierai, Gregory"]
[Result "0-1"]
[WhiteElo "1847"]
[BlackElo "2065"]
[PlyCount "74"]
[EventDate "2007.??.??"]
[WhiteTeam "I Scacchi Di U Centru"]

1. Nf3 Nf6 2. d4 c5 3. d5 b5 4. c4 bxc4 5. Nc3 d6 6. e4 g6 7. Bxc4 Bg7 8. O-O
O-O 9. Re1 Bg4 10. h3 Bxf3 11. Qxf3 Nbd7 12. Bf4 Rb8 13. Re2 Nh5 14. Bh2 Ne5
15. Bxe5 Bxe5 16. g3 Rb4 17. b3 f5 18. Rc1 Bd4 19. Nb5 fxe4 20. Qxe4 Rxb5 21.
Bxb5 Nxg3 22. Qe6+ Kh8 23. Rd2 Rf6 24. Qg4 Nf5 25. Bd3 Ne3 26. Qe2 Nxd5 27. Qe4
Nf4 28. Bf1 e5 29. Qb7 Rf5 30. Rc4 Qg5+ 31. Kh1 Nh5 32. Rcc2 Qf4 33. Bg2 Qh4
34. Qb8+ Kg7 35. Qxd6 Nf4 36. Qc6 Nxh3 37. Bxh3 Qxh3+ 0-1

[Event "ChT Corsica 2007"]
[Site "Travo"]
[Date "2007.04.01"]
[Round "3.3"]
[White "Cristofari, Antoine"]
[Black "Stubbe, Damien"]
[Result "1-0"]
[WhiteElo "2128"]
[BlackElo "1879"]
[PlyCount "75"]
[EventDate "2007.??.??"]
[WhiteTeam "Echecs Club Ajaccien 1"]
[BlackTeam "I Scacchi Di U Centru"]

1. e4 e6 2. d4 d5 3. Nc3 Bb4 4. e5 c5 5. Bd2 Bd7 6. a3 Bxc3 7. Bxc3 cxd4 8.
Qxd4 Ne7 9. Bd3 Nbc6 10. Qg4 Qc7 11. Nf3 Ng6 12. O-O-O O-O-O 13. Rhe1 Rdf8 14.
h4 f5 15. Qg3 Nge7 16. Qf4 h6 17. Kb1 g5 18. hxg5 hxg5 19. Nxg5 Ng6 20. Qe3 f4
21. Qc5 Nh4 22. g3 fxg3 23. fxg3 Nf3 24. Nxf3 Rxf3 25. g4 Rg8 26. Rg1 b6 27.
Qd6 Rf7 28. Bd2 Rf3 29. Qxc7+ Kxc7 30. Rde1 Be8 31. Rg2 Nd4 32. Rh1 Nb3 33. Bb4
Nc5 34. Rh7+ Kc6 35. Be2 Re3 36. Bd2 Rxe5 37. Bf4 Re4 38. Rc7# 1-0

[Event "ChT Corsica 2007"]
[Site "Travo"]
[Date "2007.04.01"]
[Round "3.4"]
[White "Luciani, Jean-Francois"]
[Black "Bellicou, Dominique"]
[Result "0-1"]
[WhiteElo "1730"]
[BlackElo "2080"]
[PlyCount "44"]
[EventDate "2007.??.??"]
[WhiteTeam "I Scacchi Di U Centru"]

1. e4 e5 2. Nf3 d5 3. Nxe5 Nf6 4. Be2 Bd6 5. d4 Nxe4 6. O-O O-O 7. Nd2 Nc6 8.
Nxc6 bxc6 9. Nxe4 dxe4 10. Bc4 Qh4 11. g3 Qh3 12. Be2 f5 13. f4 Be6 14. c4 Rad8
15. b3 c5 16. d5 Be7 17. Bb2 c6 18. Qe1 cxd5 19. cxd5 Bxd5 20. Be5 e3 21. Bf3
Bxf3 22. Rxf3 Rd2 0-1

[Event "ChT Corsica 2007"]
[Site "Travo"]
[Date "2007.04.01"]
[Round "3.5"]
[White "Migheli, Gabriel"]
[Black "Darriet, Florent"]
[Result "0-1"]
[WhiteElo "1740"]
[BlackElo "1499"]
[PlyCount "70"]
[EventDate "2007.??.??"]
[WhiteTeam "Echecs Club Ajaccien 1"]
[BlackTeam "I Scacchi Di U Centru"]

1. e4 c5 2. Nf3 Nc6 3. c3 e5 4. Bd3 Nf6 5. Bc2 d5 6. exd5 Qxd5 7. O-O Bg4 8.
Re1 Bd6 9. Re3 O-O 10. h3 Bh5 11. Qe1 Rae8 12. Na3 e4 13. Nh2 Bf4 14. Nb5 Qe5
15. Nf1 Bxe3 16. Nxe3 Re7 17. Nc4 Qe6 18. Bb3 Qd7 19. Bc2 Bg6 20. Ne3 a6 21.
Na3 h5 22. Nac4 b5 23. Na3 Nd5 24. b3 Nxe3 25. dxe3 Ne5 26. Bb2 Nd3 27. Bxd3
exd3 28. Qd2 Qc6 29. f3 Rfe8 30. e4 c4 31. b4 f5 32. exf5 Bxf5 33. Qg5 g6 34.
Kh2 Qd6+ 35. f4 d2 0-1

[Event "ChT Corsica 2007"]
[Site "Travo"]
[Date "2007.04.01"]
[Round "3.1"]
[White "Dehainault, Christian"]
[Black "Maes, Christophe"]
[Result "0-1"]
[WhiteElo "1680"]
[BlackElo "1510"]
[PlyCount "64"]
[EventDate "2007.??.??"]
[WhiteTeam "Echecs Club du Fium'Orbu 1"]
[BlackTeam "Casinca 2"]

1. Nf3 Nc6 2. g3 d5 3. d4 Bg4 4. Bg2 Nf6 5. O-O e6 6. Nc3 Bd6 7. Bg5 h6 8. Bxf6
Qxf6 9. e4 dxe4 10. Nxe4 Qe7 11. Qd2 O-O 12. c4 Bb4 13. Qe3 Ba5 14. a3 a6 15.
c5 Rfd8 16. Rfd1 b6 17. b4 bxc5 18. bxa5 Bxf3 19. Bxf3 Nxd4 20. Rac1 Rab8 21.
Nxc5 e5 22. Rd3 Qf6 23. Be4 Rb2 24. Kg2 Re2 25. Bh7+ Kxh7 26. Ne4 Qf5 27. g4
Qxg4+ 28. Qg3 Qxe4+ 29. Kh3 Nf5 30. Rxd8 Nxg3 31. fxg3 Qg2+ 32. Kg4 Re4+ 0-1